A world regional geography : (Record no. 12279)

000 -LEADER
fixed length control field 00421cam a2200145 a 4500
020 ## - INTERNATIONAL STANDARD BOOK NUMBER
ISBN 0697216926 (pbk.)
040 ## - CATALOGING SOURCE
Transcribing agency NjPRFB
082 00 - DEWEY DECIMAL CLASSIFICATION NUMBER
Classification number 909 BRO A099 Or.
100 1# - MAIN ENTRY--AUTHOR NAME
Personal name Bradshaw, Michael J.
245 12 - TITLE STATEMENT
Title A world regional geography :
Remainder of title the new global order /
260 ## - PUBLICATION, DISTRIBUTION, ETC. (IMPRINT)
Place of publication Madison, WI :
Name of publisher Brown & Benchmark,
Year of publication c1997.
300 ## - PHYSICAL DESCRIPTION
Number of Pages xxi, 594 :
Other physical details ill. (some col.), col. maps ;
Dimensions 28 cm.
650 #0 - SUBJECT ADDED ENTRY--TOPICAL TERM
Topical Term Geography.
942 ## - ADDED ENTRY ELEMENTS (KOHA)
Koha item type សៀវភៅភាសាអង់គ្លេស
952 ## - LOCATION AND ITEM INFORMATION (KOHA)
Withdrawn status [LOCAL, KOHA] 0
Holdings
Permanent Location Date acquired Koha item type Lost status Shelving location Barcode Current Location Full call number
Library Block A2017-08-11សៀវភៅភាសាអង់គ្លេស A099A17512Library Block A909 BRO 1997 A099 Or.
មជ្ឈមណ្ឌលឯការនៃសាកលវិទ្យាល័យភូមិន្ទកសិកម្មចំការដូង

Powered by Koha